Schwartz’s principles of surgery (vol.2) (Record no. 34598)

MARC details
000 -LEADER
fixed length control field 00510nam a2200193Ia 4500
020 ## - INTERNATIONAL STANDARD BOOK NUMBER
ISBN 9781259835353
050 ## - CALL MARK
Classification number RD 31 .S3/
100 ## - STATEMENT OF RESPONSIBILITY--MAIN AUTHOR NAME
Personal name Edited by Brunicardi, F. Charles...[et al.]
245 #0 - TITLE STATEMENT
Title Schwartz’s principles of surgery (vol.2)
250 ## - EDITION / VOLUME STATEMENT
Edition / Volume statement 11th ed.
260 ## - PUBLICATION, DISTRIBUTION, ETC. (IMPRINT)
Place of publication New York
260 ## - PUBLICATION, DISTRIBUTION, ETC. (IMPRINT)
Name of publisher McGraw-Hill
260 ## - PUBLICATION, DISTRIBUTION, ETC. (IMPRINT)
Year of publication 2019
300 ## - PHYSICAL DESCRIPTION
Number of Pages 1165 - 2195 p
650 ## - SUBJECT ADDED ENTRY--TOPICAL TERM
Topical Term Surgical Procedures, Operative
942 ## - ADDED ENTRY ELEMENTS (KOHA)
Koha item type Books
Holdings
Withdrawn status Lost status Source of classification or shelving scheme Damaged status Not for loan Permanent Location Current Location Shelving location Date acquired Accession Number Price effective from Koha item type
    Library of Congress Classification     Asokoro Library Asokoro Library Items on shelf 04/23/2025 0193662 04/23/2025 Books